[Event "Belgrade-chT"]
[Site "Belgrade"]
[Date "2019.09.28"]
[Round "6.3"]
[White "Grbic, Milorad"]
[Black "Graovac, Vidak Balsa"]
[Result "1/2-1/2"]
[WhiteElo "2256"]
[BlackElo "2163"]
[PlyCount "76"]
[EventDate "2019.09.23"]
[EventType "team-tourn"]
[EventRounds "11"]
[EventCountry "SRB"]
[SourceTitle "EXT 2020"]
[Source "ChessBase"]
[SourceDate "2019.10.17"]
[SourceVersion "1"]
[SourceVersionDate "2019.10.17"]
[SourceQuality "1"]
[WhiteTeam "Grocka"]
[BlackTeam "Lasta"]
[WhiteTeamCountry "SRB"]
[BlackTeamCountry "SRB"]

1. e4 e6 2. d4 d5 3. e5 c5 4. c3 Qb6 5. Nf3 Nc6 6. a3 f5 7. b4 c4 8. a4 a5 9. b5 Na7 10. h4 Bd7 11. Be2 Nc8 12. h5 Nh6 13. Bxh6 gxh6 14. Nbd2 Rg8 15. g3 Ne7 16. Nh4 0-0-0 17. Nf1 Bg7 18. f4 Rdf8 19. Ne3 Qd8 20. 0-0 Kb8 21. Kh2 Nc8 22. Rf2 Qb6 23. Kh3 Ne7 24. Qc2 Qd8 25. Raf1 Rf7 26. g4 Rh8 27. gxf5 exf5 28. Rg1 Rhf8 29. Rfg2 Bh8 30. Qa2 Be6 31. Bf3 b6 32. Qa3 Kc7 33. Rg3 Qd7 34. Bh1 Rd8 35. Nf3 Nc8 36. Nd2 Ne7 37. Bf3 Rff8 38. Rd1 Qe8 1/2-1/2

[Event "Belgrade-chT"]
[Site "Belgrade"]
[Date "2019.09.23"]
[Round "1.2"]
[White "Graovac, Vidak Balsa"]
[Black "Djurasinov, Branislav"]
[Result "0-1"]
[WhiteElo "2163"]
[BlackElo "2094"]
[PlyCount "98"]
[EventDate "2019.09.23"]
[EventType "team-tourn"]
[EventRounds "11"]
[EventCountry "SRB"]
[SourceTitle "EXT 2020"]
[Source "ChessBase"]
[SourceDate "2019.10.17"]
[SourceVersion "1"]
[SourceVersionDate "2019.10.17"]
[SourceQuality "1"]
[WhiteTeam "Lasta"]
[BlackTeam "MZ Cirilo i Metodije"]
[WhiteTeamCountry "SRB"]
[BlackTeamCountry "SRB"]

1. e4 g6 2. d4 Bg7 3. Nf3 d6 4. Bc4 e6 5. Qe2 a6 6. c3 b5 7. Bb3 Ne7 8. h4 h6 9. Nbd2 Nd7 10. a4 bxa4 11. Bxa4 0-0 12. Nf1 c5 13. h5 g5 14. Bxg5 cxd4 15. Bxe7 Qxe7 16. Nxd4 Bb7 17. Nf3 Nc5 18. Bc2 a5 19. N1d2 Rfb8 20. Qe3 Ba6 21. Ra2 Kf8 22. g4 a4 23. g5 hxg5 24. h6 Bh8 25. Nxg5 Bb5 26. Rg1 Ke8 27. Ngf3 Kd8 28. e5 Kc7 29. Ne4 Nxe4 30. Qxe4 d5 31. Qd4 a3 32. b4 Bc4 33. Ra1 f6 34. Qh4 Rxb4 35. Qf4 fxe5 36. Nxe5 Qf6 37. Qxf6 Bxf6 38. cxb4 Bxe5 39. Kd2 Bf4+ 40. Kd1 Bxh6 41. Rg6 Bf4 42. Bb1 Be5 43. Ra2 Bxa2 44. Bxa2 Kd6 45. Kc2 Rf8 46. Kb3 Rf3+ 47. Ka4 Bd4 48. Bb3 Bb2 49. Ba2 Rxf2 0-1

[Event "Belgrade Trophy 32nd"]
[Site "Belgrade"]
[Date "2018.11.29"]
[Round "6"]
[White "Gratze, Michael"]
[Black "Graovac, Vidak Balsa"]
[Result "0-1"]
[WhiteElo "1923"]
[BlackElo "2155"]
[PlyCount "54"]
[EventDate "2018.11.24"]
[EventType "swiss"]
[EventRounds "9"]
[EventCountry "SRB"]
[SourceTitle "CBM 187 Extra"]
[Source "ChessBase"]
[SourceDate "2018.11.04"]
[SourceVersion "1"]
[SourceVersionDate "2018.11.04"]
[SourceQuality "1"]

1. e4 e6 2. d4 d5 3. Nd2 Nf6 4. e5 Nfd7 5. Ngf3 c5 6. c4 Nb6 7. dxc5 Bxc5 8. Nb3 Be7 9. c5 N6d7 10. Be3 Nc6 11. Bb5 Qc7 12. Bxc6 bxc6 13. Qd4 f6 14. Qg4 0-0 15. Qxe6+ Rf7 16. exf6 Nxc5 17. Qxf7+ Kxf7 18. fxe7 Nd3+ 19. Kd2 Ba6 20. Ng5+ Kg8 21. Ne6 Qe5 22. Nbd4 c5 23. Rhe1 Qd6 24. Nxg7 cxd4 25. Bxd4 Qf4+ 26. Re3 Qxd4 27. Rg3 Qxf2+ 0-1

[Event "Belgrade Trophy 32nd"]
[Site "Belgrade"]
[Date "2018.11.28"]
[Round "5"]
[White "Graovac, Vidak Balsa"]
[Black "Ugrcic, Zoran"]
[Result "1-0"]
[WhiteElo "2155"]
[BlackElo "1971"]
[PlyCount "62"]
[EventDate "2018.11.24"]
[EventType "swiss"]
[EventRounds "9"]
[EventCountry "SRB"]
[SourceTitle "CBM 187 Extra"]
[Source "ChessBase"]
[SourceDate "2018.11.04"]
[SourceVersion "1"]
[SourceVersionDate "2018.11.04"]
[SourceQuality "1"]

1. e4 c5 2. Nc3 Nc6 3. Bb5 g6 4. f4 Bg7 5. Nf3 a6 6. Bxc6 dxc6 7. d3 Nf6 8. Be3 b6 9. h3 0-0 10. 0-0 e6 11. Qe1 Qc7 12. Qh4 Nh5 13. e5 f5 14. Ne2 Bh8 15. Ng5 h6 16. Nf3 Qd8 17. g4 fxg4 18. hxg4 Nxf4 19. Bxf4 Qxh4 20. Nxh4 g5 21. Ng6 Bd7 22. Nxf8 Rxf8 23. Bg3 Rd8 24. Nc3 Be8 25. Ne4 Rd4 26. c3 Rxd3 27. Rad1 c4 28. Rxd3 cxd3 29. Rd1 Bg6 30. Nf2 Bg7 31. Nxd3 Bf8 1-0

[Event "Belgrade-chTB Quality"]
[Site "Belgrade"]
[Date "2018.11.04"]
[Round "11.4"]
[White "Graovac, Vidak Balsa"]
[Black "Panic, Anastasija"]
[Result "1-0"]
[WhiteElo "2155"]
[BlackElo "1859"]
[PlyCount "105"]
[EventDate "2018.09.29"]
[EventType "team-tourn"]
[EventRounds "11"]
[EventCountry "SRB"]
[SourceTitle "EXT 2022"]
[Source "ChessBase"]
[SourceDate "2021.10.06"]
[SourceVersion "1"]
[SourceVersionDate "2021.10.06"]
[SourceQuality "1"]
[WhiteTeam "Belgrade Lasta"]
[BlackTeam "Belgrade Rakovica"]
[WhiteTeamCountry "SRB"]
[BlackTeamCountry "SRB"]

1. e4 c5 2. Nc3 Nc6 3. f4 g6 4. Nf3 Bg7 5. Bc4 e6 6. 0-0 Nge7 7. Qe1 a6 8. d3 b5 9. Bb3 Na5 10. e5 Bb7 11. Ne4 Bxe4 12. Qxe4 Nf5 13. Bd2 Nxb3 14. axb3 d5 15. exd6 Nxd6 16. Qc6+ Kf8 17. Rxa6 Rxa6 18. Qxa6 Bxb2 19. c3 b4 20. cxb4 Bd4+ 21. Kh1 Nf5 22. bxc5 Bxc5 23. Qc4 Be7 24. Ra1 Bf6 25. Ra7 h6 26. Qa6 Qd5 27. Qc4 Qd8 28. g4 Nd4 29. Rc7 Kg7 30. Nxd4 Qa8+ 31. Nc6 Qa2 32. Qc1 Qxb3 33. Nb4 Rb8 34. h4 Rxb4 35. Bxb4 Qxb4 36. g5 Bb2 37. Qb1 h5 38. Rc2 Qxf4 39. Qxb2+ Kh7 40. Qc1 Qf3+ 41. Rg2 Qh3+ 42. Kg1 Qxh4 43. Qe3 Qa4 44. d4 Qd1+ 45. Kh2 Qb1 46. Qf4 Kg8 47. Rf2 Qb7 48. Rc2 Qa6 49. Rb2 Qa8 50. Qb8+ Qxb8+ 51. Rxb8+ Kg7 52. Kg3 f5 53. Kf4 1-0

[Event "Belgrade-chT"]
[Site "Belgrade"]
[Date "2017.11.01"]
[Round "10.2"]
[White "Markovic, Vladimir"]
[Black "Graovac, Vidak Balsa"]
[Result "0-1"]
[WhiteElo "2172"]
[BlackElo "2175"]
[PlyCount "106"]
[EventDate "2017.10.01"]
[EventType "team-tourn"]
[EventRounds "11"]
[EventCountry "SRB"]
[SourceTitle "CBM 181 Extra"]
[Source "ChessBase"]
[SourceDate "2017.12.12"]
[SourceVersion "1"]
[SourceVersionDate "2017.12.12"]
[SourceQuality "1"]
[WhiteTeam "Borca"]
[BlackTeam "Vidikovac"]
[WhiteTeamCountry "SRB"]
[BlackTeamCountry "SRB"]

1. e4 e6 2. d4 d5 3. e5 c5 4. c3 Bd7 5. Nf3 Qb6 6. Be2 Bb5 7. c4 Bxc4 8. Bxc4 dxc4 9. d5 Ne7 10. dxe6 Qxe6 11. Nc3 Na6 12. 0-0 h6 13. Nb5 Nd5 14. Re1 0-0-0 15. a3 Kb8 16. Qc2 Nb6 17. Bf4 Be7 18. Bg3 Rd3 19. Nd6 Ka8 20. Rac1 Rd8 21. Nd2 Rd4 22. Nf3 Rd3 23. h3 Nb8 24. Nd2 Rd4 25. N2e4 N8d7 26. Nb5 Qc6 27. a4 Nf8 28. Nxd4 Rxd4 29. a5 Nd5 30. Nd6 g6 31. Qe2 Ne6 32. Qf3 Ng5 33. Qe2 Ne6 34. Qf3 Ng5 35. Qe2 Ne6 36. Nxf7 Ndf4 37. Qf3 Qxf3 38. gxf3 Nd3 39. Nxh6 Nxc1 40. Rxc1 Bg5 41. Re1 Bxh6 42. Re4 Rxe4 43. fxe4 b5 44. Kf1 b4 45. Ke2 c3 46. bxc3 b3 47. Kd1 c4 48. f3 Nc5 49. Bf2 Nd3 50. Bd4 Ne1 51. e6 b2 52. e7 b1Q+ 53. Ke2 Qb8 0-1

[Event "Belgrade-chT"]
[Site "Belgrade"]
[Date "2017.10.14"]
[Round "4.3"]
[White "Lazic, Ljubisa V"]
[Black "Graovac, Vidak Balsa"]
[Result "1-0"]
[WhiteElo "2201"]
[BlackElo "2175"]
[PlyCount "73"]
[EventDate "2017.10.01"]
[EventType "team-tourn"]
[EventRounds "11"]
[EventCountry "SRB"]
[SourceTitle "CBM 181 Extra"]
[Source "ChessBase"]
[SourceDate "2017.12.12"]
[SourceVersion "1"]
[SourceVersionDate "2017.12.12"]
[SourceQuality "1"]
[WhiteTeam "Belgrade EDB"]
[BlackTeam "Vidikovac"]
[WhiteTeamCountry "SRB"]
[BlackTeamCountry "SRB"]

1. d4 Nf6 2. Bf4 g6 3. e3 d6 4. h3 Bg7 5. Nf3 Nbd7 6. Bc4 0-0 7. c3 c5 8. 0-0 b6 9. Nbd2 Bb7 10. Qe2 Qe8 11. Bh2 e5 12. dxe5 Nxe5 13. Ba6 Bc6 14. Nxe5 dxe5 15. Nc4 Nd5 16. Rfd1 Rd8 17. Na3 Qe7 18. Bc4 Qg5 19. Bxd5 Bxd5 20. e4 Bc6 21. Bg3 f5 22. h4 Qe7 23. f3 f4 24. Bf2 h5 25. Rxd8 Rxd8 26. Rd1 Rxd1+ 27. Qxd1 Bf6 28. Qe1 Qd8 29. c4 Qd3 30. b3 Kf7 31. Nb1 Ke7 32. Nc3 Kd6 33. Qd1 Qxd1+ 34. Nxd1 b5 35. Nb2 Bd8 36. Nd3 Bb6 37. g3 1-0

[Event "Belgrade-chT"]
[Site "Belgrade"]
[Date "2017.10.07"]
[Round "2.3"]
[White "Vlatkovic, Milorad"]
[Black "Graovac, Vidak Balsa"]
[Result "0-1"]
[WhiteElo "2037"]
[BlackElo "2175"]
[PlyCount "90"]
[EventDate "2017.10.01"]
[EventType "team-tourn"]
[EventRounds "11"]
[EventCountry "SRB"]
[SourceTitle "CBM 181 Extra"]
[Source "ChessBase"]
[SourceDate "2017.12.12"]
[SourceVersion "1"]
[SourceVersionDate "2017.12.12"]
[SourceQuality "1"]
[WhiteTeam "Dunavski Venac"]
[BlackTeam "Vidikovac"]
[WhiteTeamCountry "SRB"]
[BlackTeamCountry "SRB"]

1. e4 e6 2. d4 d5 3. e5 c5 4. c3 Bd7 5. Nf3 Qb6 6. Bd3 Bb5 7. 0-0 Nc6 8. dxc5 Bxc5 9. Qc2 Bxd3 10. Qxd3 a5 11. b3 Nge7 12. Bf4 Ng6 13. Bg3 0-0 14. Nbd2 f5 15. exf6 Rxf6 16. Rae1 Re8 17. h3 Qd8 18. Ne5 Ngxe5 19. Bxe5 Nxe5 20. Rxe5 Qd6 21. Qe2 Bb6 22. Nf3 Qc5 23. c4 Bc7 24. Rxd5 Qc6 25. Rd4 Ref8 26. Re4 Qc5 27. Rd1 Qh5 28. Rh4 Qg6 29. Qe4 Bf4 30. Qxg6 Rxg6 31. Rg4 Rgf6 32. Rd7 g6 33. Nh4 g5 34. Nf3 h5 35. Rxf4 gxf4 36. Rxb7 Rc8 37. Rb5 a4 38. Rxh5 Rf5 39. Rxf5 exf5 40. Nd4 Rd8 41. Nxf5 a3 42. c5 Rd2 43. c6 Rxa2 44. Nd6 Rc2 45. Nc4 a2 0-1

[Event "Belgrade-chT"]
[Site "Belgrade"]
[Date "2017.05.14"]
[Round "5.2"]
[White "Graovac, Vidak Balsa"]
[Black "Novovic, Veljko"]
[Result "1-0"]
[WhiteElo "2190"]
[BlackElo "1832"]
[PlyCount "80"]
[EventDate "2017.05.10"]
[EventType "team-swiss"]
[EventRounds "5"]
[EventCountry "SRB"]
[SourceTitle "CBM 178 Extra"]
[Source "ChessBase"]
[SourceDate "2017.06.22"]
[SourceVersion "1"]
[SourceVersionDate "2017.06.22"]
[SourceQuality "1"]
[WhiteTeam "Vidikovac"]
[BlackTeam "Rakovica"]
[WhiteTeamCountry "SRB"]
[BlackTeamCountry "SRB"]

1. e4 d6 2. d4 g6 3. Nc3 Nf6 4. f4 Bg7 5. Nf3 0-0 6. Be2 c5 7. dxc5 Qa5 8. Qd3 Qxc5 9. Be3 Qa5 10. Nd4 Nc6 11. Nb3 Qd8 12. a3 a6 13. Bf3 Bg4 14. e5 Bf5 15. Qe2 dxe5 16. Bxc6 bxc6 17. fxe5 Nd5 18. Bd4 Nxc3 19. Bxc3 Qd5 20. 0-0 Qe4 21. Qxe4 Bxe4 22. Rf2 Rfd8 23. Re1 Bf5 24. Nd4 c5 25. Nxf5 gxf5 26. Rxf5 e6 27. Rf4 Rd5 28. Ra4 Bh6 29. Kf2 Kf8 30. Ree4 Bd2 31. Bxd2 Rxd2+ 32. Re2 Rd4 33. Rxd4 cxd4 34. Kf3 Rb8 35. Ke4 Rxb2 36. Kxd4 Ra2 37. Kc5 Rxa3 38. c4 Kg7 39. Kc6 a5 40. c5 Rc3 1-0

[Event "Belgrade-chT"]
[Site "Belgrade"]
[Date "2017.05.13"]
[Round "4.2"]
[White "Radevic, Filip"]
[Black "Graovac, Vidak Balsa"]
[Result "0-1"]
[WhiteElo "1974"]
[BlackElo "2190"]
[PlyCount "62"]
[EventDate "2017.05.10"]
[EventType "team-swiss"]
[EventRounds "5"]
[EventCountry "SRB"]
[SourceTitle "CBM 178 Extra"]
[Source "ChessBase"]
[SourceDate "2017.06.22"]
[SourceVersion "1"]
[SourceVersionDate "2017.06.22"]
[SourceQuality "1"]
[WhiteTeam "Usce"]
[BlackTeam "Vidikovac"]
[WhiteTeamCountry "SRB"]
[BlackTeamCountry "SRB"]

1. Nf3 Nf6 2. g3 d5 3. d3 c5 4. Bg2 Nc6 5. 0-0 b6 6. Nbd2 e6 7. e4 Qc7 8. Re1 Be7 9. b3 0-0 10. Bb2 d4 11. a4 Bb7 12. Nc4 a6 13. a5 b5 14. Nb6 Rad8 15. Qd2 c4 16. Ba3 c3 17. Qf4 Qxf4 18. gxf4 Bxa3 19. Rxa3 Nb4 20. Rc1 Nh5 21. f5 Nf4 22. Bf1 exf5 23. Ne5 fxe4 24. Ned7 e3 25. fxe3 dxe3 26. Nc5 Bc6 27. Ne4 Bxe4 28. dxe4 Rd2 29. Bxb5 axb5 30. a6 Ne2+ 31. Kf1 Nxc1 0-1

[Event "Belgrade-chT"]
[Site "Belgrade"]
[Date "2017.05.11"]
[Round "2.2"]
[White "Milutinovic, Dejan D"]
[Black "Graovac, Vidak Balsa"]
[Result "1-0"]
[WhiteElo "2044"]
[BlackElo "2190"]
[PlyCount "97"]
[EventDate "2017.05.10"]
[EventType "team-swiss"]
[EventRounds "5"]
[EventCountry "SRB"]
[SourceTitle "CBM 178 Extra"]
[Source "ChessBase"]
[SourceDate "2017.06.22"]
[SourceVersion "1"]
[SourceVersionDate "2017.06.22"]
[SourceQuality "1"]
[WhiteTeam "Lasta"]
[BlackTeam "Vidikovac"]
[WhiteTeamCountry "SRB"]
[BlackTeamCountry "SRB"]

1. e4 e6 2. d3 d5 3. Nd2 c5 4. c3 Nc6 5. Ngf3 Qc7 6. Be2 Be7 7. a4 f5 8. Qc2 Nf6 9. 0-0 0-0 10. b3 b6 11. Re1 Bd6 12. h3 Bb7 13. Bb2 Rae8 14. exf5 exf5 15. Bf1 a6 16. Rad1 b5 17. axb5 axb5 18. Rxe8 Nxe8 19. Re1 h6 20. g3 Qf7 21. d4 c4 22. Ne5 Nxe5 23. dxe5 Bc5 24. Bg2 Qg6 25. Kf1 Qb6 26. Nf3 Nc7 27. b4 Be7 28. Bc1 Ne6 29. Be3 Qa6 30. Qd2 g5 31. Qc2 Qa4 32. Qc1 f4 33. gxf4 gxf4 34. Bd4 Bg5 35. h4 Nxd4 36. cxd4 Be7 37. Qb1 Qa6 38. Bh3 h5 39. Ke2 Qh6 40. Rg1+ Kh8 41. Rg6 Qh7 42. Ng5 Bxg5 43. hxg5 f3+ 44. Ke1 Rf4 45. Rh6 Qxh6 46. gxh6 Re4+ 47. Kf1 Rxd4 48. Kg1 Re4 49. Qc1 1-0

[Event "Belgrade Trophy 30th"]
[Site "Belgrade"]
[Date "2016.11.30"]
[Round "7"]
[White "Eric, Jovana"]
[Black "Graovac, Vidak Balsa"]
[Result "1-0"]
[WhiteElo "2209"]
[BlackElo "2044"]
[PlyCount "41"]
[EventDate "2016.11.24"]
[EventType "swiss"]
[EventRounds "9"]
[EventCountry "SRB"]
[SourceTitle "CBM 175 Extra"]
[Source "ChessBase"]
[SourceDate "2016.12.12"]
[SourceVersion "1"]
[SourceVersionDate "2016.12.12"]
[SourceQuality "1"]

1. e4 e6 2. Qe2 e5 3. Nf3 Nc6 4. c3 d6 5. g3 g6 6. Bg2 Bg7 7. 0-0 Nf6 8. d4 0-0 9. Nbd2 Re8 10. d5 Ne7 11. Nc4 Nd7 12. Qc2 f5 13. exf5 gxf5 14. Ng5 Nf6 15. Qb3 Rb8 16. Nxe5 dxe5 17. d6+ Kh8 18. Nf7+ Kg8 19. Nh6+ Kh8 20. Qg8+ Nfxg8 21. Nf7# 1-0

[Event "Belgrade Trophy 30th"]
[Site "Belgrade"]
[Date "2016.11.28"]
[Round "5"]
[White "Pastar, Slaven"]
[Black "Graovac, Vidak Balsa"]
[Result "1-0"]
[WhiteElo "2195"]
[BlackElo "2044"]
[PlyCount "75"]
[EventDate "2016.11.24"]
[EventType "swiss"]
[EventRounds "9"]
[EventCountry "SRB"]
[SourceTitle "CBM 175 Extra"]
[Source "ChessBase"]
[SourceDate "2016.12.12"]
[SourceVersion "1"]
[SourceVersionDate "2016.12.12"]
[SourceQuality "1"]

1. d4 Nf6 2. c4 g6 3. Nc3 Bg7 4. e4 d6 5. Bd3 0-0 6. Nge2 e5 7. d5 c6 8. Rb1 a5 9. 0-0 Na6 10. a3 Nh5 11. Be3 f5 12. exf5 gxf5 13. f4 e4 14. Bc2 c5 15. Bc1 Bd7 16. Qd2 Rf6 17. Nd1 Rg6 18. Ne3 Qh4 19. Qxa5 Kh8 20. Qe1 Qe7 21. b4 Rg8 22. Rf2 Qh4 23. Bb2 Nf6 24. Rf1 Qxe1 25. Rfxe1 b5 26. cxb5 Bxb5 27. Nxf5 Nc7 28. bxc5 Ncxd5 29. Neg3 Nxf4 30. Nxg7 Bd3 31. Bxd3 Nxd3 32. Bxf6 Rxf6 33. N7h5 Rfg6 34. Rxe4 dxc5 35. Rb7 Ra8 36. Ree7 Rxa3 37. Rb8+ Rg8 38. Nf6 1-0

[Event "Belgrade Trophy 30th"]
[Site "Belgrade"]
[Date "2016.11.26"]
[Round "3"]
[White "Rajkovic, Dusan"]
[Black "Graovac, Vidak Balsa"]
[Result "1/2-1/2"]
[WhiteElo "2374"]
[BlackElo "2044"]
[PlyCount "97"]
[EventDate "2016.11.24"]
[EventType "swiss"]
[EventRounds "9"]
[EventCountry "SRB"]
[SourceTitle "CBM 175 Extra"]
[Source "ChessBase"]
[SourceDate "2016.12.12"]
[SourceVersion "1"]
[SourceVersionDate "2016.12.12"]
[SourceQuality "1"]

1. d4 Nf6 2. c4 g6 3. Nc3 Bg7 4. e4 d6 5. Bg5 0-0 6. Qd2 e5 7. dxe5 dxe5 8. Qxd8 Rxd8 9. Nd5 Nxd5 10. Bxd8 Nb4 11. 0-0-0 Nxa2+ 12. Kb1 Nb4 13. Bxc7 N8c6 14. Ne2 f5 15. Nc3 fxe4 16. Nxe4 Bf5 17. f3 Nd4 18. Bd6 a5 19. Bc5 Nb3 20. Bb6 a4 21. c5 Bh6 22. Bc4+ Kg7 23. Bc7 Nd2+ 24. Rxd2 Bxd2 25. Bxe5+ Kh6 26. Rd1 Re8 27. Bg3 Bxe4+ 28. fxe4 Rxe4 29. Bb5 Bf4 30. Bxa4 Bxg3 31. hxg3 Na6 32. Bc2 Re5 33. Rd7 Nxc5 34. Rc7 b6 35. Bd1 Ne4 36. g4 Rc5 37. Rxc5 Nxc5 38. Kc2 Kg5 39. Kc3 Kf4 40. Kc4 Ke3 41. b4 Nd3 42. Kb5 Kd2 43. Bf3 Kc3 44. Kxb6 Kxb4 45. Kc6 Kc4 46. Kd6 Kd4 47. Ke6 Ne5 48. Bd1 Ke4 49. g3 1/2-1/2